| 000 | 00883nam a22002537a 4500 | ||
|---|---|---|---|
| 005 | 20170123162341.0 | ||
| 010 | _aA-645050 | ||
| 020 | _c12.00 | ||
| 035 | _aA-645050 | ||
| 037 | _bCen Lib/Ret | ||
| 040 |
_aDPL _bUR |
||
| 082 |
_a954.13 _bن ق و |
||
| 100 |
_aنقوی، تاباں _9127495 |
||
| 245 |
_aمرادآباد کی تاریخ اور صنعت / _cتاباں نقوی |
||
| 246 |
_aMuradabad ki tareekh aur sanaat / _bby Taban Naqvi |
||
| 260 |
_aنیی دہلی _bترقی اردو بیورو _c2000 |
||
| 270 |
_aویسٹ بلاک-٨، ار.کے. پرم _bنیی دہلی _e110066 |
||
| 300 |
_a96p. _c21cm(Hb) |
||
| 650 |
_a تاریخ - بھارت _9400 |
||
| 650 |
_aتاریخ - مرادآباد _9109374 |
||
| 650 |
_aHistory -- India _9127496 |
||
| 650 |
_aHistory -- Muradabad _9127497 |
||
| 942 |
_2ddc _cUR _h954.13 _mن ق و |
||
| 999 |
_c108535 _d108535 |
||